| 000 | 00972nam a2200229 4500 | ||
|---|---|---|---|
| 005 | 20240530110548.0 | ||
| 008 | 160611s2014 ua ||||g b||| 00| 0 ara d | ||
| 017 |
_a2013/16558 _bمصر. دار الكتب المصرية |
||
| 020 | _a9789771029090 | ||
| 040 | _aEG-CaGPL | ||
| 082 | 0 | 4 |
_a327.1 _bم م _221 |
| 100 | 0 | _aماهر بن ابراهيم القيصر | |
| 245 | 1 | 2 |
_aالمشروع الأوراسيوي من الاقليمية الى الدولية : _bالعالم بين الحالة اللاقطبية والنظام العالمي متعدد الاقطاب / _cماهر بن ابراهيم القيصر. |
| 250 | _aط. 1. | ||
| 260 |
_aالقاهرة : _bدار الفكر العربي، _c24 سم. |
||
| 300 |
_a272 ص. ؛ _c24 سم. |
||
| 504 | _aببليوجرافية : ص. 263-272. | ||
| 650 | 0 | 4 | _aالعلاقات الخارجية |
| 650 | 0 | 4 | _aالسياسة الدولية |
| 942 |
_2ddc _cBK |
||
| 999 |
_c62395 _d62395 |
||